000 00487nam a22001577a 4500
003 macl
005 20210916150739.0
008 210916b |||||||| |||| 00| 0 eng d
040 _cmacl
082 _a891.437/SID
100 _aसिद्धार्थ , सुशील
_965587
245 _aहासिये का राग
260 _aदिल्‍ली
_bकिताबघर प्रकाशन
_c2017
650 _aव्‍यंग्‍य
942 _2ddc
_cHIN
999 _c64304
_d64304